[Event "American Cup Blitz 2026"]
[Site "Saint Louis USA"]
[Date "2026.03.02"]
[Round "8.24"]
[White "Kacharava, Nikolozi"]
[Black "Pyrih, Roman"]
[Result "0-1"]
[WhiteTitle "GM"]
[BlackTitle "IM"]
[WhiteElo "2501"]
[BlackElo "2403"]
[WhiteFideId "13611860"]
[BlackFideId "14179156"]
[EventDate "2026.03.02"]

1. b3 d5 2. Bb2 c5 3. d3 Nc6 4. Nf3 f6 5. c4 d4 6. g3 e5 7. Bg2 Be6 8. O-O Qd7
9. e3 Be7 10. exd4 cxd4 11. a3 a5 12. Nfd2 Nh6 13. Qh5+ Nf7 14. Qe2 O-O 15. f4
Rae8 16. Ne4 f5 17. Nf2 exf4 18. gxf4 Bd6 19. Qf3 Kh8 20. Nh3 Rg8 21. Nd2 g5 22.
Nxg5 Nxg5 23. fxg5 Rxg5 24. Kh1 Qg7 25. Qf2 Bd7 26. Bf3 Bf4 27. Rae1 Be3 28. Qe2
Qe5 29. Bg2 Qg7 30. Nf3 Rg4 31. Qxe3 Rxe3 32. Rxe3 Rxg2 33. Ba1 Ra2 34. Ree1
Rxa1 35. Rxa1 Ne5 36. Rg1 Qf6 37. Nxd4 Bc6+ 38. Nxc6 Qxc6+ 39. Rg2 Nxd3 40. Rf1
Qe4 41. Kg1 Qe3+ 42. Kh1 f4 43. Rfg1 Qf3 44. h3 Nf2+ 0-1

[Event "American Cup Blitz 2026"]
[Site "Saint Louis USA"]
[Date "2026.03.02"]
[Round "8.25"]
[White "Kiolbasa, Oliwia"]
[Black "Chirila, Ioan-Cristian"]
[Result "1-0"]
[WhiteTitle "IM"]
[BlackTitle "GM"]
[WhiteElo "2397"]
[BlackElo "2506"]
[WhiteFideId "1154613"]
[BlackFideId "1211668"]
[EventDate "2026.03.02"]

1. e4 c5 2. Nf3 d6 3. Bb5+ Nc6 4. O-O Nf6 5. Re1 Bd7 6. c3 a6 7. Bf1 e5 8. d4
Bg4 9. d5 Ne7 10. a4 Ng6 11. h3 Bd7 12. a5 Be7 13. Nbd2 O-O 14. Nc4 Bb5 15. g3
Nd7 16. h4 f5 17. h5 fxe4 18. Rxe4 Nf6 19. hxg6 Nxe4 20. gxh7+ Kh8 21. Qd3 Nxg3
22. fxg3 Bxc4 23. Qxc4 Rxf3 24. Qg4 Rf8 25. Bd3 Qc8 26. Qh5 c4 27. Be4 Qc5+ 28.
Kg2 Qf2+ 29. Kh3 Qf1+ 30. Bg2 Qf5+ 31. Qxf5 Rxf5 32. Ra4 Rc8 33. Rb4 Rc7 34. Be3
Rh5+ 35. Kg4 Rh2 36. Be4 Re2 37. Kf3 Rh2 38. Bb6 Rc8 39. Bf5 Rf8 40. Kg4 Rf2 41.
Bxf2 g6 42. Bxg6 Rxf2 43. Rxb7 Bf8 44. Be4 Re2 45. Bf5 Rf2 46. Kg5 e4 47. Kg6
Rf3 48. g4 e3 49. Rf7 Bh6 50. Kxh6 1-0

[Event "American Cup Blitz 2026"]
[Site "Saint Louis USA"]
[Date "2026.03.02"]
[Round "8.26"]
[White "Boyer, Mahel"]
[Black "Krush, Irina"]
[Result "1-0"]
[WhiteTitle "GM"]
[BlackTitle "GM"]
[WhiteElo "2486"]
[BlackElo "2402"]
[WhiteFideId "45102422"]
[BlackFideId "2012782"]
[EventDate "2026.03.02"]

1. e4 c5 2. d3 Nc6 3. g3 g6 4. Bg2 Bg7 5. f4 e6 6. Nf3 Nge7 7. O-O O-O 8. c3 d6
9. Be3 f5 10. Nbd2 b6 11. Re1 e5 12. Qb3+ Kh8 13. Ng5 Qe8 14. exf5 Bxf5 15. Ne6
Na5 16. Nxg7 Kxg7 17. Qc2 c4 18. Ne4 Qd7 19. b4 Nac6 20. dxc4 d5 21. Rad1 Qe6
22. cxd5 Nxd5 23. Ng5 Bxc2 24. Nxe6+ Kf6 25. Bxd5 Bxd1 26. Nxf8 1-0

[Event "American Cup Blitz 2026"]
[Site "Saint Louis USA"]
[Date "2026.03.02"]
[Round "8.27"]
[White "Atwell, Rose"]
[Black "Lee, Alice"]
[Result "0-1"]
[WhiteTitle "FM"]
[BlackTitle "IM"]
[WhiteElo "2337"]
[BlackElo "2399"]
[WhiteFideId "30951011"]
[BlackFideId "30941822"]
[EventDate "2026.03.02"]

1. d4 d6 2. e4 Nf6 3. Nc3 e5 4. Nf3 Nbd7 5. Bc4 Be7 6. O-O O-O 7. Re1 c6 8. a4
h6 9. h3 Re8 10. b3 Qc7 11. Bb2 Rb8 12. Bf1 Bf8 13. Qd2 exd4 14. Nxd4 Nc5 15.
Qf4 Ne6 16. Nxe6 Bxe6 17. Rad1 Rbd8 18. Ne2 Nh7 19. Nd4 Bc8 20. Nf5 Bxf5 21.
Qxf5 Qd7 22. Qf4 Qe6 23. Bd3 d5 24. e5 Bc5 25. b4 Bb6 26. Bf5 Qe7 27. e6 Nf8 28.
exf7+ Qxf7 29. Qg4 g6 30. Bd3 Qxf2+ 31. Kh2 Bc7+ 32. Be5 Bxe5+ 33. Kh1 Qg3 0-1

[Event "American Cup Blitz 2026"]
[Site "Saint Louis USA"]
[Date "2026.03.02"]
[Round "8.28"]
[White "Li, Rachael"]
[Black "Wang, Tianqi"]
[Result "1/2-1/2"]
[WhiteTitle "WIM"]
[BlackTitle "IM"]
[WhiteElo "2358"]
[BlackElo "2331"]
[WhiteFideId "30929849"]
[BlackFideId "2063824"]
[EventDate "2026.03.02"]

1. e4 Nf6 2. d3 c5 3. g3 Nc6 4. Bg2 e6 5. Nf3 d5 6. Qe2 Be7 7. O-O O-O 8. h4 Qc7
9. e5 Nd7 10. Bf4 b5 11. Nbd2 Bb7 12. Rfe1 Rfc8 13. Nf1 Qd8 14. N1h2 h6 15. h5
Nf8 16. Ng4 a5 17. c3 a4 18. Qd2 Nh7 19. d4 a3 20. dxc5 axb2 21. Qxb2 Bxc5 22.
Qxb5 Na5 23. Qd3 Ba6 24. Qd2 Nc4 25. Qc1 Rab8 26. Bf1 Ba3 27. Qc2 Rb2 28. Qd1
Bc5 29. Nd4 Ng5 30. Bg2 Be7 31. Qa4 Bb7 32. Qd1 Na3 33. Bc1 Rb6 34. Be3 Nc4 35.
Bf4 Ne4 36. Rc1 Bg5 37. Qf3 Ncd2 38. Qe3 Nc4 39. Qf3 Rb2 40. a4 Ba6 41. Ne3 Rxf2
42. Qg4 Ra2 43. Nxc4 Bxc4 44. Rcd1 Nxc3 45. Rc1 Ne4 46. Nxe6 fxe6 47. Qxe6+ Kh8
48. Bxe4 dxe4 49. Rxc4 Rxc4 50. Qxc4 Qb6+ 51. Kh1 Qb2 52. Qc8+ Kh7 53. Qf5+ Kh8
54. Qf8+ Kh7 55. Qf5+ Kh8 1/2-1/2

[Event "American Cup Blitz 2026"]
[Site "Saint Louis USA"]
[Date "2026.03.02"]
[Round "8.29"]
[White "Yu, Jennifer"]
[Black "Dudin, Gleb"]
[Result "0-1"]
[WhiteTitle "FM"]
[BlackTitle "GM"]
[WhiteElo "2299"]
[BlackElo "2596"]
[WhiteFideId "2078341"]
[BlackFideId "34184934"]
[EventDate "2026.03.02"]

1. c4 c6 2. Nf3 d5 3. e3 Nf6 4. b3 Bf5 5. Bb2 e6 6. Nc3 Bd6 7. d4 Nbd7 8. Bd3
Bg6 9. O-O O-O 10. Re1 Ne4 11. Qc2 f5 12. Ne2 Qf6 13. Nf4 Bf7 14. Bf1 Qh6 15.
Ne5 Nxe5 16. dxe5 Be7 17. f3 Nc5 18. Bd4 dxc4 19. Bxc4 Nd7 20. Rad1 g5 21. Ne2
Rfd8 22. f4 Nb6 23. Bd3 Nd5 24. Qc1 Bh5 25. Rd2 Bxe2 26. Bxe2 gxf4 27. exf4 Bb4
28. g3 Nxf4 29. gxf4 Bxd2 30. Qxd2 c5 31. Bc4 Rxd4 32. Qg2+ Kh8 33. Qxb7 Rg8+
34. Kh1 Rd2 0-1

[Event "American Cup Blitz 2026"]
[Site "Saint Louis USA"]
[Date "2026.03.02"]
[Round "8.30"]
[White "Caglar, Sila"]
[Black "Tang, Zoey"]
[Result "0-1"]
[WhiteTitle "WIM"]
[BlackTitle "FM"]
[WhiteElo "2215"]
[BlackElo "2356"]
[WhiteFideId "6364063"]
[BlackFideId "30952530"]
[EventDate "2026.03.02"]

1. e4 e5 2. Nf3 Nc6 3. Bc4 Bc5 4. c3 d6 5. d3 h6 6. a4 a5 7. O-O Nf6 8. Re1 O-O
9. h3 Be6 10. Nbd2 Qe7 11. Nf1 Bxc4 12. dxc4 Qe6 13. Qd3 Ne7 14. Ng3 Ng6 15. Nf5
Nh5 16. g3 Nf6 17. Be3 Bxe3 18. Rxe3 Ne7 19. N3h4 Nd7 20. Kh2 Nc5 21. Qe2 Nxf5
22. exf5 Qf6 23. Qh5 Ra6 24. b4 axb4 25. cxb4 Nxa4 26. Rea3 Nb6 27. Rxa6 bxa6
28. Rxa6 Nxc4 29. Rc6 Nd2 30. Rxc7 Ne4 31. Qe2 d5 32. b5 Rb8 33. Rc6 Qe7 34. f3
Nxg3 35. Kxg3 Qg5+ 36. Kh2 Qxh4 37. Qxe5 Qf2+ 38. Kh1 Qxf3+ 39. Kh2 Qf2+ 40. Kh1
Rxb5 41. Rc8+ Kh7 42. Rc1 Rb2 0-1

[Event "American Cup Blitz 2026"]
[Site "Saint Louis USA"]
[Date "2026.03.02"]
[Round "8.31"]
[White "Sukandar, Irine Kharisma"]
[Black "Antova, Gabriela"]
[Result "0-1"]
[WhiteTitle "IM"]
[BlackTitle "FM"]
[WhiteElo "2330"]
[BlackElo "2168"]
[WhiteFideId "7101937"]
[BlackFideId "2915235"]
[EventDate "2026.03.02"]

1. d4 Nf6 2. Bf4 e6 3. e3 c5 4. Nf3 b6 5. Nc3 a6 6. d5 d6 7. e4 e5 8. Bg5 b5 9.
a4 b4 10. Nb1 Be7 11. Bxf6 Bxf6 12. Nbd2 Nd7 13. a5 O-O 14. h4 Be7 15. Bd3 Nf6
16. Nc4 Bg4 17. Qd2 Bxf3 18. gxf3 Nh5 19. Ne3 g6 20. Ng4 Kh8 21. Ne3 Bxh4 22.
Rh2 Bg5 23. Qe2 Bf4 24. Rh3 Qg5 25. O-O-O Qd8 26. Kb1 Qxa5 27. Nc4 Qd8 28. Rdh1
a5 29. Qf1 a4 30. Qg2 Qf6 31. Nb6 Ra7 32. Qg4 Rd8 33. Rxh5 gxh5 34. Qxh5 Qg6 35.
Qh4 Rg8 36. Nc4 a3 37. bxa3 bxa3 38. Ka2 Rb8 39. Nxd6 f6 40. Nb5 Rab7 41. c4 Rg7
42. Qh3 Qg2 43. Qxg2 Rxg2 44. Kxa3 Rxf2 45. Rh3 Rg8 46. Nd6 Rg3 47. Rh5 Rfxf3
48. Ka4 Rxd3 49. Kb5 Be3 50. Kc6 Kg7 51. Nf5+ Kg6 52. Nxg3 Bf4 53. Rh1 Bxg3 54.
Kxc5 h5 55. Kd6 f5 56. exf5+ Kxf5 57. Rxh5+ Kg4 58. Rh8 e4+ 59. Kd7 e3 60. Re8
Kf3 61. Rf8+ Bf4 62. Re8 e2 63. Rxe2 Kxe2 64. Ke6 Rc3 65. d6 Bxd6 66. Kxd6 Rxc4 0-1

[Event "American Cup Blitz 2026"]
[Site "Saint Louis USA"]
[Date "2026.03.02"]
[Round "8.32"]
[White "Apaar Saxena"]
[Black "Abrahamyan, Tatev"]
[Result "1/2-1/2"]
[WhiteTitle "FM"]
[BlackTitle "IM"]
[WhiteElo "2263"]
[BlackElo "2379"]
[WhiteFideId "25937219"]
[BlackFideId "13301918"]
[EventDate "2026.03.02"]

1. Nf3 Nf6 2. b3 g6 3. Bb2 Bg7 4. g3 O-O 5. Bg2 c5 6. c4 Nc6 7. O-O d5 8. cxd5
Qxd5 9. Ne5 Qd6 10. Nxc6 bxc6 11. d3 Bg4 12. Nd2 Qe6 13. Re1 Bh3 14. Rc1 Bxg2
15. Kxg2 Qd5+ 16. Kg1 a5 17. Bxf6 exf6 18. Ne4 f5 19. Nxc5 Bd4 20. Qc2 Rfd8 21.
Qc4 Qe5 22. Rc2 f4 23. Ne4 Kg7 24. Kg2 fxg3 25. hxg3 Rac8 26. Nd2 Ba7 27. Nf3
Qf5 28. Qa6 Ra8 29. Qc4 h5 30. Qh4 Rd6 31. Qg5 Qe6 32. Qe5+ Qxe5 33. Nxe5 a4 34.
bxa4 Bd4 35. Nxc6 Rxa4 36. Nxd4 Rdxd4 37. Ra1 h4 38. gxh4 Rxh4 39. e3 Rhg4+ 40.
Kf3 Rg5 41. d4 Rf5+ 42. Ke2 Ra3 43. Rd2 Rf6 44. d5 Rd6 45. e4 f6 46. Rd3 Ra4 47.
Ke3 f5 48. f3 Kf6 49. a3 fxe4 50. fxe4 Ke5 51. Rg1 Rxe4+ 52. Kd2 Kf5 53. Rf3+
Ke5 54. Rg5+ Kd4 55. Rd3+ Kc4 56. a4 Rd4 57. Rxd4+ Kxd4 58. a5 Rxd5 59. Rxg6 Rh5
60. Rg4+ Kc5 61. Ra4 1/2-1/2

[Event "American Cup Blitz 2026"]
[Site "Saint Louis USA"]
[Date "2026.03.02"]
[Round "8.33"]
[White "Cervantes Landeiro, Thalia"]
[Black "Gueci, Tea"]
[Result "1-0"]
[WhiteTitle "FM"]
[BlackTitle "WIM"]
[WhiteElo "2247"]
[BlackElo "2138"]
[WhiteFideId "3520498"]
[BlackFideId "872342"]
[EventDate "2026.03.02"]

1. d4 d5 2. c4 e6 3. Nc3 Nf6 4. cxd5 exd5 5. Bg5 c6 6. e3 h6 7. Bh4 Be7 8. Bd3
O-O 9. Nf3 Re8 10. O-O Ne4 11. Bxe7 Qxe7 12. Qc2 Bf5 13. Ne5 Nd7 14. Nxd7 Bxd7
15. Rae1 Nxc3 16. bxc3 Qf6 17. c4 dxc4 18. Bxc4 Be6 19. Rb1 b5 20. Bxe6 Rxe6 21.
Rfc1 a6 22. h3 Rd8 23. Rb3 Qg5 24. Rc3 Rg6 25. f4 Qg3 26. f5 Rg5 27. e4 Qd6 28.
Rd1 c5 29. Rxc5 Qb6 30. Rc8 Kh7 31. Rxd8 Qxd8 32. e5 Rg3 33. f6+ g6 34. Qf2 Ra3
35. d5 b4 36. e6 fxe6 37. f7 Kg7 38. Rf1 Qf8 39. dxe6 Ra5 40. Qf6+ Kh7 41. e7 1-0

[Event "American Cup Blitz 2026"]
[Site "Saint Louis USA"]
[Date "2026.03.02"]
[Round "9.2"]
[White "So, Wesley"]
[Black "Aronian, Levon"]
[Result "1/2-1/2"]
[WhiteTitle "GM"]
[BlackTitle "GM"]
[WhiteElo "2753"]
[BlackElo "2729"]
[WhiteFideId "5202213"]
[BlackFideId "13300474"]
[EventDate "2026.03.02"]

1. d4 Nf6 2. c4 e6 3. Nf3 b6 4. g3 Ba6 5. b3 d5 6. Bg2 Bb4+ 7. Bd2 Bd6 8. O-O
O-O 9. cxd5 exd5 10. Nc3 Nbd7 11. Nh4 Re8 12. Re1 Nf8 13. Nf5 Bb4 14. a3 Bxc3
15. Bxc3 Qd7 16. Bh3 Kh8 17. Kg2 Bc8 18. g4 h5 19. f3 hxg4 20. Bxg4 Qc6 21. Qd3
Nxg4 22. fxg4 Qg6 23. h3 Bxf5 24. Qxf5 Re3 25. Rac1 Rae8 26. Bb4 Ne6 27. Bd2
Qxf5 28. gxf5 Nf4+ 29. Kf1 R3e4 30. Rxc7 Nxe2 31. Rxf7 Kg8 32. Rxa7 Nxd4 33.
Rxe4 Rxe4 34. Rb7 Nxb3 35. Bc3 d4 36. Rxb6 dxc3 37. Rxb3 Re3 38. Rb8+ Kf7 39.
Rc8 Rxh3 40. a4 Kf6 41. a5 Kxf5 42. a6 Rh1+ 43. Kg2 Ra1 44. Rc5+ Ke4 45. Rxc3
Rxa6 46. Rg3 g6 47. Rb3 Kf5 48. Kg3 Ra5 49. Rf3+ Kg5 50. Rb3 Kh5 51. Rc3 Rg5+
52. Kh3 Rg1 53. Rb3 g5 54. Kh2 Rd1 55. Rb4 Rd3 56. Kg2 Kg6 57. Ra4 Kf5 58. Rb4
Re3 59. Ra4 Re4 60. Rxe4 Kxe4 61. Kg3 g4 62. Kxg4 Ke5 1/2-1/2

[Event "American Cup Blitz 2026"]
[Site "Saint Louis USA"]
[Date "2026.03.02"]
[Round "9.3"]
[White "Pranav, V"]
[Black "Quesada Perez, Yasser"]
[Result "1-0"]
[WhiteTitle "GM"]
[BlackTitle "GM"]
[WhiteElo "2641"]
[BlackElo "2562"]
[WhiteFideId "25060783"]
[BlackFideId "3509362"]
[EventDate "2026.03.02"]

1. e4 e5 2. Nf3 Nc6 3. Bb5 a6 4. Ba4 d6 5. O-O Bd7 6. Bxc6 Bxc6 7. Re1 Nf6 8.
Nc3 Be7 9. d4 exd4 10. Nxd4 O-O 11. Qf3 Nd7 12. Nf5 Bf6 13. Qg3 Re8 14. Bf4 Ne5
15. Rad1 Qc8 16. Bg5 Bxg5 17. Qxg5 Ng6 18. h4 Qd8 19. Qg3 Qf6 20. h5 Ne7 21. Ne3
h6 22. f4 Qe6 23. f5 Qf6 24. Ng4 Qg5 25. Rf1 f6 26. Rf4 d5 27. exd5 Bd7 28. Ne4
Nxf5 29. Rxf5 Rxe4 30. Rxg5 hxg5 31. Nf2 Re5 32. Nd3 Re2 33. Qxc7 Bf5 34. d6 Be4
35. d7 1-0

[Event "American Cup Blitz 2026"]
[Site "Saint Louis USA"]
[Date "2026.03.02"]
[Round "9.4"]
[White "Lodici, Lorenzo"]
[Black "Caruana, Fabiano"]
[Result "1/2-1/2"]
[WhiteTitle "GM"]
[BlackTitle "GM"]
[WhiteElo "2590"]
[BlackElo "2795"]
[WhiteFideId "884189"]
[BlackFideId "2020009"]
[EventDate "2026.03.02"]

1. e4 c6 2. Nf3 d5 3. d3 e6 4. g3 Nf6 5. e5 Nfd7 6. d4 c5 7. c3 Nc6 8. h4 h6 9.
Bh3 b5 10. Be3 a5 11. Nbd2 Ba6 12. Kf1 b4+ 13. Kg2 Bd3 14. Ne1 Bh7 15. Kg1 Be7
16. Ng2 Qb6 17. Nf4 a4 18. Qh5 g6 19. Qxh6 O-O-O 20. Bxe6 fxe6 21. Nxe6 Rde8 22.
dxc5 Qb7 23. cxb4 Ndxe5 24. Nd4 Qxb4 25. Nxc6 Nxc6 26. Nf3 Qxb2 27. Rd1 Bf6 28.
Qf4 Re6 29. Qg4 Re8 30. Rxd5 Qb1+ 31. Kg2 Qe4 32. Qxe4 Rxe4 33. Rd6 R4e6 34.
Rhd1 Bg8 35. a3 Be7 36. R6d3 Re4 37. Ng5 Rc4 38. Nf3 Rd8 39. Rxd8+ Nxd8 40. Ne5
Rc3 41. Nxg6 Bf6 42. Rd6 Ne6 43. h5 Rxa3 44. h6 Ra1 45. Nf4 Nxf4+ 46. Bxf4 Be7
47. Rg6 Bd5+ 48. f3 Ra2+ 49. Kh3 Ra1 50. Kg2 Ra2+ 51. Kh3 Ra1 52. Kg2 Ra2+ 53.
Kh3 Ra1 54. Kg2 Ra2+ 55. Kh3 1/2-1/2

[Event "American Cup Blitz 2026"]
[Site "Saint Louis USA"]
[Date "2026.03.02"]
[Round "9.5"]
[White "Bok, Benjamin"]
[Black "Kevlishvili, Robby"]
[Result "0-1"]
[WhiteTitle "GM"]
[BlackTitle "GM"]
[WhiteElo "2592"]
[BlackElo "2527"]
[WhiteFideId "1017063"]
[BlackFideId "1040634"]
[EventDate "2026.03.02"]

1. d4 d5 2. c4 e6 3. Nc3 Nf6 4. cxd5 exd5 5. Bg5 c6 6. e3 h6 7. Bh4 Be7 8. Bd3
O-O 9. Nge2 Re8 10. O-O a5 11. Rc1 Na6 12. f3 Nc7 13. h3 Ne6 14. Bf2 c5 15. Bb1
b6 16. Qd2 Ba6 17. Rfd1 cxd4 18. Nxd4 Nxd4 19. Qxd4 Bc5 20. Qd2 Qe7 21. Nxd5
Nxd5 22. Qxd5 Bxe3 23. Bxe3 Qxe3+ 24. Kh1 Be2 25. Re1 Rad8 26. Qc6 Re6 27. Qc3
Qf2 28. Be4 Bb5 29. Red1 Rde8 30. Qd2 Qg3 31. Qe1 Qg5 32. Qg1 Qg3 33. Qe1 Qxe1+
34. Rxe1 g6 35. Red1 Kg7 36. Kg1 R8e7 37. Rd2 f5 38. Bd5 Rd6 39. Rcd1 Red7 40.
Kf2 Bc6 41. Bxc6 0-1

[Event "American Cup Blitz 2026"]
[Site "Saint Louis USA"]
[Date "2026.03.02"]
[Round "9.6"]
[White "Raja, Harshit"]
[Black "Durarbayli, Vasif"]
[Result "0-1"]
[WhiteTitle "GM"]
[BlackTitle "GM"]
[WhiteElo "2472"]
[BlackElo "2612"]
[WhiteFideId "5089000"]
[BlackFideId "13402935"]
[EventDate "2026.03.02"]

1. e4 c5 2. Nf3 d6 3. d4 cxd4 4. Nxd4 Nf6 5. Nc3 Nc6 6. Bg5 Qb6 7. Nb3 e6 8. Qe2
a6 9. O-O-O Be7 10. g3 h6 11. Be3 Qc7 12. f4 b5 13. Bg2 Bb7 14. a3 Rc8 15. Kb1
Nd7 16. f5 Nce5 17. fxe6 fxe6 18. Nd4 Nf8 19. Rhf1 Bf6 20. Bh3 Qe7 21. Qh5+ g6
22. Qe2 Rxc3 23. bxc3 Bxe4 24. Bc1 d5 25. Bg2 Bxg2 26. Qxg2 Nfd7 27. Rde1 O-O
28. Qh3 Re8 29. Qxh6 Bg7 30. Qg5 Qc5 31. Bb2 a5 32. Nb3 Qc7 33. Nd4 b4 34. cxb4
axb4 35. Nb5 Qa5 36. a4 Qxa4 37. Rxe5 Nxe5 38. Bxe5 Qxb5 39. Rf3 Qe2 40. Re3
Qf1+ 41. Kb2 Ra8 42. Qxg6 Qa1+ 43. Kb3 Qa3# 0-1

[Event "American Cup Blitz 2026"]
[Site "Saint Louis USA"]
[Date "2026.03.02"]
[Round "9.7"]
[White "Dominguez Perez, Leinier"]
[Black "Warmerdam, Max"]
[Result "0-1"]
[WhiteTitle "GM"]
[BlackTitle "GM"]
[WhiteElo "2738"]
[BlackElo "2580"]
[WhiteFideId "3503240"]
[BlackFideId "1048104"]
[EventDate "2026.03.02"]

1. e4 c5 2. Nf3 d6 3. d4 cxd4 4. Nxd4 Nf6 5. Nc3 e6 6. Be3 Be7 7. f3 a6 8. Qd2
h5 9. Bc4 Qc7 10. Bb3 Nc6 11. Nxc6 Qxc6 12. O-O-O b5 13. Bg5 Bd7 14. Rhe1 Qc7
15. Qd4 a5 16. a4 bxa4 17. Bxa4 Rb8 18. Bxd7+ Qxd7 19. Qa4 h4 20. Qxd7+ Nxd7 21.
Bf4 Rb6 22. Na4 Rc6 23. b3 O-O 24. Re2 g5 25. Be3 Rfc8 26. Kb1 Kf8 27. h3 Bf6
28. Bc1 Ke7 29. Ba3 Be5 30. Red2 Rb8 31. Ka2 Bf4 32. Re2 Be5 33. Red2 Bf4 34.
Re2 Be5 35. Nb2 Bxb2 36. Kxb2 a4 37. Red2 Rbb6 38. Rd4 Ne5 39. Rb1 Nc4+ 40. Ka2
Nxa3 41. Kxa3 Rxc2 42. Rxa4 Rxg2 43. Ra7+ Kf6 44. Rc1 Re2 45. Rcc7 Re3 46. Rxf7+
Ke5 47. Ra5+ d5 48. exd5 Rbxb3+ 49. Ka2 exd5 50. Rg7 Kf6 51. Raa7 Rbd3 52. Raf7+
Ke6 53. Kb2 Rxf3 54. Re7+ Kd6 55. Rd7+ Kc5 56. Rc7+ Kd4 57. Rxg5 Rf2+ 58. Kc1
Rxh3 59. Rg4+ Ke5 60. Re7+ Kf6 61. Re1 Ra3 62. Kb1 h3 63. Rg8 Rg2 64. Rf1+ Ke6
65. Re8+ Kd7 66. Rh8 h2 67. Rh7+ Kd6 68. Rh6+ Kc5 69. Rc1+ Kb5 70. Rh8 Ra6 71.
Rh5 Rd6 72. Rh1 Rg1+ 0-1

[Event "American Cup Blitz 2026"]
[Site "Saint Louis USA"]
[Date "2026.03.02"]
[Round "9.8"]
[White "Oparin, Grigoriy"]
[Black "Harsha, Bharathakoti"]
[Result "1-0"]
[WhiteTitle "GM"]
[BlackTitle "GM"]
[WhiteElo "2658"]
[BlackElo "2538"]
[WhiteFideId "24125890"]
[BlackFideId "5078776"]
[EventDate "2026.03.02"]

1. e4 c5 2. Nf3 d6 3. d4 cxd4 4. Nxd4 Nf6 5. Nc3 Nc6 6. Bb5 Bd7 7. Be3 e6 8. Qe2
Be7 9. O-O-O O-O 10. h4 Rc8 11. Bxc6 Bxc6 12. f3 Nd7 13. g4 a6 14. g5 b5 15. Kb1
Bb7 16. Rhg1 Ne5 17. Bc1 Qa5 18. Nb3 Qb6 19. f4 Nc4 20. f5 b4 21. f6 Bd8 22.
fxg7 Re8 23. Na4 Qc6 24. Nac5 dxc5 25. Qxc4 Qxe4 26. Qf1 Qf3 27. Rd7 Re7 28.
Nxc5 Rxd7 29. Nxd7 Qxf1 30. Rxf1 Kxg7 31. Be3 Be4 32. Rf2 Be7 33. Ne5 Bf5 34.
Bd4 Kg8 35. Kc1 Rd8 36. c3 bxc3 37. bxc3 f6 38. Nc6 Ba3+ 39. Kd2 Rc8 40. Na7 Rb8
41. gxf6 Kf7 42. Nc6 Rb2+ 43. Ke3 Rxf2 44. Kxf2 Bd6 45. Kf3 Bb1 46. a4 Ba2 47.
Ne5+ Bxe5 48. Bxe5 a5 49. Kf4 Bb3 50. Kg5 Bxa4 51. Bc7 h6+ 52. Kxh6 Kxf6 53.
Bxa5 Bb5 54. h5 Be2 55. Bd8+ Kf5 56. Bb6 e5 57. Bf2 e4 58. Bd4 Ke6 59. Kg6 Bd3
60. Be3 Kd5 1-0

[Event "American Cup Blitz 2026"]
[Site "Saint Louis USA"]
[Date "2026.03.02"]
[Round "9.9"]
[White "Tari, Aryan"]
[Black "Kuru, Atilla"]
[Result "1/2-1/2"]
[WhiteTitle "GM"]
[BlackTitle "IM"]
[WhiteElo "2642"]
[BlackElo "2450"]
[WhiteFideId "1510045"]
[BlackFideId "51607948"]
[EventDate "2026.03.02"]

1. e4 c5 2. Nf3 d6 3. Bb5+ Nc6 4. O-O Bd7 5. Re1 a6 6. Bxc6 Bxc6 7. d4 cxd4 8.
Nxd4 Rc8 9. c4 g6 10. Nc3 Bg7 11. Bg5 h6 12. Be3 Nf6 13. f3 Bd7 14. Qe2 O-O 15.
Rac1 Qa5 16. a3 Kh7 17. Kh1 e5 18. Nb3 Qc7 19. Nd2 b5 20. cxb5 axb5 21. Ndb1 Qb8
22. Na2 d5 23. Bc5 Rfd8 24. Be7 dxe4 25. Bxd8 exf3 26. Qxf3 Rxd8 27. Nbc3 Bg4
28. Qe3 Qb7 29. Nb4 h5 30. Qf2 Bh3 31. Rcd1 Rd4 32. Qg3 Bg4 33. Ra1 Rd2 34. Rf1
Rxb2 35. h3 Bf5 36. Rad1 Ne4 37. Nxe4 Bxe4 38. Rf2 Rxf2 39. Qxf2 Qc8 40. Kh2 f5
41. Qe3 Bb7 42. Rc1 Qd7 43. Qc5 Qd2 44. Rc2 Qf4+ 45. Kh1 Qg3 46. Nc6 e4 47. Qe7
Bxc6 48. Rxc6 Kh6 49. h4 Be5 50. Qf8+ Bg7 51. Qe7 e3 52. Re6 f4 53. Re4 Qe1+ 54.
Kh2 Qg3+ 55. Kh1 f3 56. Qg5+ Qxg5 57. hxg5+ Kxg5 58. gxf3 Bf8 59. Kg2 Bxa3 60.
Re5+ Kf4 61. Rxb5 Be7 62. Rb6 g5 63. Re6 Bc5 64. Re4+ Kf5 65. Rc4 Bd6 66. Rd4
Be5 67. Rd8 g4 68. Rf8+ Kg5 69. Rg8+ Kf5 70. Rf8+ Ke6 71. fxg4 hxg4 72. Kf1 Kd5
73. Ke2 Ke4 74. Rf7 g3 75. Rf8 Bd4 76. Re8+ Kf4 77. Kf1 Be5 78. Rf8+ Ke4 79. Ke2
Bd4 80. Re8+ Kf4 1/2-1/2

[Event "American Cup Blitz 2026"]
[Site "Saint Louis USA"]
[Date "2026.03.02"]
[Round "9.10"]
[White "Hong, Andrew"]
[Black "Akobian, Varuzhan"]
[Result "0-1"]
[WhiteTitle "GM"]
[BlackTitle "GM"]
[WhiteElo "2587"]
[BlackElo "2549"]
[WhiteFideId "2099438"]
[BlackFideId "13300580"]
[EventDate "2026.03.02"]

1. e4 e6 2. d3 d5 3. Qe2 Be7 4. Nf3 Nf6 5. g3 c5 6. Bg2 Nc6 7. O-O b6 8. Re1 Bb7
9. a4 a6 10. c3 O-O 11. Bf4 b5 12. Nbd2 Nh5 13. Be5 Nxe5 14. Nxe5 Nf6 15. exd5
Bxd5 16. axb5 axb5 17. Bxd5 Qxd5 18. Qf3 Rxa1 19. Rxa1 Qxe5 20. Qb7 Re8 21. Qxb5
Qb8 22. Ra5 Qxb5 23. Rxb5 Rd8 24. Nb3 Rxd3 25. Nxc5 Bxc5 26. Rxc5 h5 27. b4 Nd5
28. Rc8+ Kh7 29. b5 Rxc3 30. Rb8 Rb3 31. Rb7 Kg6 32. h4 Nc3 33. b6 Nd5 34. Kg2
Rxb6 35. Ra7 Rb2 36. Kf3 Nf6 37. Kg2 Ng4 38. Kh3 Nxf2+ 39. Kg2 Ng4+ 40. Kf3 f5
41. Rxg7+ Kxg7 42. Kf4 Rf2+ 0-1

[Event "American Cup Blitz 2026"]
[Site "Saint Louis USA"]
[Date "2026.03.02"]
[Round "9.11"]
[White "Bharath, Subramaniyam H"]
[Black "Kadric, Denis"]
[Result "1-0"]
[WhiteTitle "GM"]
[BlackTitle "GM"]
[WhiteElo "2595"]
[BlackElo "2540"]
[WhiteFideId "46634827"]
[BlackFideId "14403803"]
[EventDate "2026.03.02"]

1. e4 d6 2. d4 Nf6 3. Nc3 e5 4. Nge2 c6 5. h3 b5 6. a3 h5 7. g3 Be7 8. Bg2 Nbd7
9. O-O Bb7 10. f4 O-O 11. Be3 a5 12. Qd2 Qc7 13. Nd1 exd4 14. Nxd4 Rfe8 15. Nf2
Bf8 16. c3 Rab8 17. Qc2 Ba8 18. Nf3 Nxe4 19. Nxe4 d5 20. Neg5 1-0